<?xml version="1.0" encoding="UTF-8"?>
<record
    xmlns:xsi="http://www.w3.org/2001/XMLSchema-instance"
    xsi:schemaLocation="http://www.loc.gov/MARC21/slim http://www.loc.gov/standards/marcxml/schema/MARC21slim.xsd"
    xmlns="http://www.loc.gov/MARC21/slim">

  <leader>02047nam a2200217Ia 4500</leader>
  <controlfield tag="003">OSt</controlfield>
  <controlfield tag="005">20210915112431.0</controlfield>
  <controlfield tag="008">210310s1985    ck     gr     000 0 spa d</controlfield>
  <datafield tag="040" ind1=" " ind2=" ">
    <subfield code="a">CO-JMCR</subfield>
    <subfield code="c">CO-JMCR</subfield>
  </datafield>
  <datafield tag="041" ind1="0" ind2=" ">
    <subfield code="a">spa</subfield>
  </datafield>
  <datafield tag="082" ind1="0" ind2="4">
    <subfield code="a">338.183 /</subfield>
    <subfield code="b">C718d</subfield>
    <subfield code="2">23</subfield>
  </datafield>
  <datafield tag="110" ind1="2" ind2=" ">
    <subfield code="a">Colombia.</subfield>
    <subfield code="b">Ministerio de Desarrollo Econ&#xF3;mico </subfield>
    <subfield code="9">8456</subfield>
  </datafield>
  <datafield tag="245" ind1="1" ind2="0">
    <subfield code="a">Disposiciones legales por las cuales se rige el instituto de fomento industrial / </subfield>
    <subfield code="c">Ministerio de Desarrollo Econ&#xF3;mico </subfield>
  </datafield>
  <datafield tag="260" ind1=" " ind2=" ">
    <subfield code="a">Bogot&#xE1; : </subfield>
    <subfield code="b">Instituto de Fomento industrial, </subfield>
    <subfield code="c">1985.</subfield>
  </datafield>
  <datafield tag="300" ind1=" " ind2=" ">
    <subfield code="a">57 p&#xE1;ginas ; </subfield>
    <subfield code="c">21 cm.</subfield>
  </datafield>
  <datafield tag="505" ind1="0" ind2=" ">
    <subfield code="a">DECRETO NUMERO 1157 DE 1940, sobre fomento de la Econom&#xED;a Nacional. -- DECRETO LEY NUMERO 1419 de 1940, por el cual se adicionan las disposiciones del Decreto n&#xFA;mero 1157 de 1940, sobre la organizaci&#xF3;n del Instituto de Fomento Industrial. -- 
LEY NUMERO 16 de 1963, por la cual se adscriben unas facultades al Instituto de Fomento Industrial, se dan unas autorizaciones al Gobierno Nacional y se dictan otras disposiciones. --  LEY NUMERO 41 DE 1968, por la cual se conceden unas autorizaciones al Gobierno Nacional, se ordena la capitalizaci&#xF3;n del Instituto de Fomento Industrial y se propende por el desarrollo econ&#xF3;mico industrial regional. -- DECRETO NUMERO 166 DE 1969, por el cual se aprueban y adoptan los estatutos del Instituto de Fomento Industrial. -- DECRETO NUMERO 2461 DE 1980, por el cual se dictan disposiciones sobre Corporaciones Financieras . -- DECRETO NUMERO 3277 DE 1980, por el cual se adoptan disposiciones sobre Corporaciones Financieras. -- LEY 68 DE 1983, por la cual se dictan normas sobre el impuesto al valor CIF de las importaciones y su destinaci&#xF3;n, se adoptan normas para el Instituto de Fomento Industrial IFI y la Caja de Cr&#xE9;dito Agrario, Industrial y Minero, se conceden unas facultades y se dictan otras disposiciones en materia tributaria y financiera.</subfield>
  </datafield>
  <datafield tag="650" ind1="1" ind2="4">
    <subfield code="a">Econom&#xED;a nocional </subfield>
    <subfield code="x">Ley</subfield>
    <subfield code="9">40439</subfield>
  </datafield>
  <datafield tag="650" ind1="2" ind2="4">
    <subfield code="a">Fomento industrial</subfield>
    <subfield code="x">Ley</subfield>
    <subfield code="9">40440</subfield>
  </datafield>
  <datafield tag="650" ind1="2" ind2="4">
    <subfield code="a">Corporaciones financieras </subfield>
    <subfield code="x">Ley</subfield>
    <subfield code="9">40441</subfield>
  </datafield>
  <datafield tag="942" ind1=" " ind2=" ">
    <subfield code="2">ddc</subfield>
    <subfield code="c">BK</subfield>
  </datafield>
  <datafield tag="999" ind1=" " ind2=" ">
    <subfield code="c">12449</subfield>
    <subfield code="d">12449</subfield>
  </datafield>
  <datafield tag="952" ind1=" " ind2=" ">
    <subfield code="0">0</subfield>
    <subfield code="1">0</subfield>
    <subfield code="2">ddc</subfield>
    <subfield code="4">0</subfield>
    <subfield code="7">0</subfield>
    <subfield code="a">CPL</subfield>
    <subfield code="b">CPL</subfield>
    <subfield code="c">GEN</subfield>
    <subfield code="d">2018-04-15</subfield>
    <subfield code="e">Donaci&#xF3;n</subfield>
    <subfield code="o">338.183 / C718d</subfield>
    <subfield code="p">430005251</subfield>
    <subfield code="r">2024-05-16 00:00:00</subfield>
    <subfield code="t">Ej.1</subfield>
    <subfield code="w">2021-03-10</subfield>
    <subfield code="y">BK</subfield>
  </datafield>
</record>
